000 00439nam a2200181Ia 4500
001 4810
005 20260306145822.0
008 260306t1996||||xx |||||||||||||| ||spa||
041 _aESP
082 _a330.15
_bF49
100 _aFigueroa, Adolfo [1941-...]
_eAUT
245 0 _aTeorías económicas del capitalismo
260 _c1996
300 _a261 páginas :
_c22 cm.
650 _aGEN
654 _aCAN
942 _cLIB
_dJUS
_fJUS
_2ddc
_n
999 _c4810
_d4810